[Event "Sparkassen-Open B"]
[Site "Heusenstamm, Martinsee"]
[Date "2018.11.25"]
[Round "7.19"]
[White "Bayer, Melissa"]
[Black "Fuchs, Andreas"]
[Result "0-1"]
[WhiteElo "1497"]
[BlackElo "1661"]
[PlyCount "154"]
[EventDate "2018.??.??"]
[WhiteTeam "SC Heusenstamm"]
[BlackTeam "SC Ober-Ramstadt"]

1. e4 c5 2. Nf3 Nc6 3. Nc3 g6 4. b3 Bg7 5. Bb2 d6 6. Bc4 Nf6 7. Qe2 O-O 8. O-O
a6 9. a4 Bd7 10. Rfd1 e5 11. Nd5 Nxd5 12. Bxd5 Be6 13. c3 Bxd5 14. exd5 Ne7 15.
Qc4 h6 16. b4 b6 17. Ne1 f5 18. bxc5 bxc5 19. d4 cxd4 20. cxd4 e4 21. Ba3 Qd7
22. Rac1 Rfc8 23. Qb3 Rxc1 24. Bxc1 Qc7 25. Ba3 Rb8 26. Qa2 Qb6 27. Nc2 f4 28.
Qc4 Rc8 29. Qb4 Nxd5 30. Qxb6 Nxb6 31. a5 Nc4 32. Bb4 Nb2 33. Rd2 d5 34. Kf1
Nd3 35. Bd6 g5 36. Ke2 Rc4 37. Be5 Ra4 38. Ne1 Nxe1 39. Kxe1 Rxa5 40. Bxg7 Kxg7
41. Ke2 Kg6 42. Rc2 Kf5 43. Rc6 h5 44. Rd6 h4 45. Rd8 Ra2+ 46. Ke1 Ra5 47. Ke2
Ke6 48. Re8+ Kf7 49. Rd8 g4 50. Rh8 Ra2+ 51. Ke1 g3 52. hxg3 hxg3 53. fxg3 fxg3
54. Rh6 Rxg2 55. Rxa6 Rf2 56. Ra3 Rf3 57. Ra2 Kf6 58. Rg2 Kf5 59. Rb2 Kf4 60.
Rg2 Ke3 61. Re2+ Kxd4 62. Rd2+ Ke5 63. Ra2 d4 64. Ra5+ Kf4 65. Ra8 Ke3 66. Ra3+
d3 67. Ra2 d2+ 68. Rxd2 Rf1+ 69. Kxf1 Kxd2 70. Kg2 e3 71. Kxg3 e2 72. Kg2 e1=Q
73. Kf3 Qe3+ 74. Kg2 Ke2 75. Kh2 Qg5 76. Kh1 Kf2 77. Kh2 Qg2# 0-1

[Event "Sparkassen-Open B"]
[Site "Heusenstamm, Martinsee"]
[Date "2018.11.25"]
[Round "7.20"]
[White "Michel, Carsten"]
[Black "Buchholz, Maja"]
[Result "0-1"]
[WhiteElo "1653"]
[BlackElo "1327"]
[PlyCount "92"]
[EventDate "2018.??.??"]
[WhiteTeam "SC Flörsheim"]
[BlackTeam "SK Langen"]

1. d4 Nf6 2. c4 g6 3. Nc3 Bg7 4. Bg5 O-O 5. Nf3 d6 6. e3 c5 7. d5 Bd7 8. Qc2 a6
9. e4 b5 10. cxb5 axb5 11. Bxb5 Bxb5 12. Nxb5 Qa5+ 13. Nc3 Na6 14. O-O Nb4 15.
Qe2 Rab8 16. a3 Na6 17. Rab1 Nc7 18. Rfe1 Rfe8 19. Nd2 Nd7 20. Nc4 Qa6 21. a4
Bxc3 22. bxc3 Rxb1 23. Rxb1 Ne5 24. Rb6 Qxc4 25. Qxc4 Nxc4 26. Rb7 f6 27. Bc1
Na6 28. Kf1 Kf7 29. Ke2 g5 30. Kd3 Ne5+ 31. Ke2 h6 32. f4 Ng6 33. g3 Ra8 34. a5
Ke8 35. Kf3 Nb8 36. Kg4 Kf7 37. Kh5 Nf8 38. Kxh6 gxf4 39. Bxf4 Ke8 40. c4 Nfd7
41. Bd2 Ne5 42. h4 Nbd7 43. Bc3 Nxc4 44. Rb5 Kf7 45. Kh7 Nf8+ 46. Kh6 Ng6 0-1

[Event "Sparkassen-Open B"]
[Site "Heusenstamm, Martinsee"]
[Date "2018.11.25"]
[Round "7.21"]
[White "Strate, Wolfgang"]
[Black "Schneider, Ferdinand"]
[Result "1/2-1/2"]
[WhiteElo "1645"]
[BlackElo "1449"]
[PlyCount "34"]
[EventDate "2018.??.??"]
[WhiteTeam "SC Eschbach"]
[BlackTeam "Elberfelder SG"]

1. d4 d5 2. e4 c6 3. exd5 cxd5 4. Bd3 Nc6 5. c3 Nf6 6. Bf4 e6 7. Nf3 Bd6 8.
Bxd6 Qxd6 9. O-O O-O 10. Nbd2 Bd7 11. Re1 Rac8 12. Ne5 Rfe8 13. Rc1 h6 14. Ndf3
a6 15. Nxd7 Qxd7 16. Ne5 Qd6 17. Qf3 Rc7 1/2-1/2

[Event "Sparkassen-Open B"]
[Site "Heusenstamm, Martinsee"]
[Date "2018.11.25"]
[Round "7.22"]
[White "Moseler, Thomas"]
[Black "Burkart, Lloyd Shang"]
[Result "1/2-1/2"]
[WhiteElo "1636"]
[BlackElo "1157"]
[PlyCount "76"]
[EventDate "2018.??.??"]
[WhiteTeam "HSK Lister Turm"]
[BlackTeam "TuS Makkabi"]

1. e4 c5 2. Nf3 e6 3. d4 cxd4 4. Nxd4 a6 5. Nc3 Qc7 6. g3 b5 7. Bg2 Bb7 8. a3
Nf6 9. O-O Be7 10. Qe2 d6 11. Bd2 O-O 12. Rac1 Nbd7 13. Nf3 Rac8 14. Rfe1 Nc5
15. e5 dxe5 16. Qxe5 Qxe5 17. Nxe5 Bxg2 18. Kxg2 Rfd8 19. Be3 Nd5 20. Nxd5 Rxd5
21. Bxc5 Bxc5 22. Nd3 Rcd8 23. Nxc5 Rxc5 24. Red1 Rcd5 25. Rxd5 Rxd5 26. Kf1
Kf8 27. Ke2 Ke7 28. Rd1 Rxd1 29. Kxd1 Kd6 30. Kd2 Kd5 31. Kd3 a5 32. b3 f5 33.
c4+ bxc4+ 34. bxc4+ Kc5 35. h4 e5 36. f3 g6 37. Kc3 e4 38. fxe4 fxe4 1/2-1/2

[Event "Sparkassen-Open B"]
[Site "Heusenstamm, Martinsee"]
[Date "2018.11.25"]
[Round "7.23"]
[White "Plaumann, Arvin"]
[Black "Sacher, Dieter"]
[Result "0-1"]
[WhiteElo "1338"]
[BlackElo "1617"]
[PlyCount "90"]
[EventDate "2018.??.??"]
[WhiteTeam "SF Heidesheim"]
[BlackTeam "SV Neu-Isenburg"]

1. d4 Nf6 2. Bg5 e6 3. e4 Be7 4. Bxf6 Bxf6 5. Nf3 d6 6. Nc3 Nd7 7. Bb5 c6 8.
Ba4 b5 9. Bb3 a5 10. a3 Ba6 11. Ne2 Qc7 12. c3 c5 13. d5 e5 14. O-O c4 15. Bc2
a4 16. Ng3 g6 17. Nd2 O-O 18. f4 Qd8 19. Qg4 exf4 20. Nf5 Ne5 21. Nh6+ Kh8 22.
Qe2 Bc8 23. Nf3 Bg7 24. Nxe5 dxe5 25. Ng4 h5 26. Nf2 Qh4 27. Rad1 g5 28. Nh1 g4
29. g3 Qg5 30. d6 Bd7 31. Qd2 Bh6 32. gxf4 exf4 33. Qd4+ f6 34. Qf2 Rfe8 35.
Rd5 Re5 36. Rfd1 Rae8 37. Qa7 Qg7 38. Rxe5 fxe5 39. Rd5 h4 40. Rc5 f3 41. Rc7
Rd8 42. Bd1 Qf7 43. Qf2 Bg5 44. Qc5 Qe6 45. Qa7 Qxd6 0-1

[Event "Sparkassen-Open B"]
[Site "Heusenstamm, Martinsee"]
[Date "2018.11.25"]
[Round "7.24"]
[White "Kirchner, Stefan"]
[Black "Traut, Stefan"]
[Result "0-1"]
[WhiteElo "1580"]
[BlackElo "1601"]
[PlyCount "78"]
[EventDate "2018.??.??"]
[WhiteTeam "SF Schöneck"]
[BlackTeam "SF Heusenstamm"]

1. e4 d5 2. exd5 Qxd5 3. d4 c6 4. Nc3 Qa5 5. Bd2 Bf5 6. g3 e6 7. Bg2 Qc7 8. Ne4
Bxe4 9. Bxe4 Nf6 10. Bg2 Bd6 11. Bg5 Be7 12. Nf3 Nbd7 13. O-O O-O 14. Qd2 Rfd8
15. Rfe1 Rac8 16. c3 Nb6 17. Qc2 h6 18. Bf4 Bd6 19. Ne5 Nbd7 20. Qe2 Nd5 21.
Qh5 Nxe5 22. dxe5 Bf8 23. Bc1 g6 24. Qg4 Kh7 25. c4 Ne7 26. f4 Nf5 27. b3 Bc5+
28. Kh1 Rd7 29. a3 Rcd8 30. b4 Be7 31. h4 h5 32. Qf3 Rd3 33. Qf2 a6 34. Be4
Nxg3+ 35. Kg2 Nxe4 36. Rxe4 Qd7 37. Ra2 Rd4 38. Kf3 Rxe4 39. Kxe4 Qd3# 0-1

[Event "Sparkassen-Open B"]
[Site "Heusenstamm, Martinsee"]
[Date "2018.11.25"]
[Round "7.25"]
[White "Schwegler, Jelena"]
[Black "Dixon, Laura Michaela"]
[Result "1-0"]
[WhiteElo "1496"]
[BlackElo "1163"]
[PlyCount "149"]
[EventDate "2018.??.??"]
[WhiteTeam "SK Bad Homburg"]
[BlackTeam "VSG Offenbach"]

1. e4 e5 2. Nf3 Nc6 3. d4 exd4 4. Nxd4 Nf6 5. Nxc6 bxc6 6. e5 Nd5 7. c4 Nb6 8.
b3 g6 9. g3 Bg7 10. Bb2 O-O 11. Bg2 Bb7 12. O-O Re8 13. f4 d6 14. Qf3 Qd7 15.
Nc3 dxe5 16. fxe5 Qe7 17. Ne4 c5 18. Nf6+ Bxf6 19. Qxf6 Bxg2 20. Kxg2 Rad8 21.
Qf4 Rd7 22. Kg1 Qe6 23. Rae1 Red8 24. Qf6 Re7 25. Rd1 Nd7 26. Qh4 Rf8 27. Rde1
Rfe8 28. Re4 Kg7 29. Bc1 Rf8 30. Bh6+ Kg8 31. Bxf8 Nxf8 32. Qf6 Rd7 33. Qxe6
Nxe6 34. Kg2 Rd2+ 35. Rf2 Rd8 36. Ree2 Rd7 37. Rd2 Re7 38. Rd5 Ng5 39. Rf6 Ne6
40. h4 h6 41. Rf1 Kf8 42. Rfd1 Ke8 43. Kf2 Kf8 44. Rd7 Nd4 45. Rxe7 Kxe7 46.
Ke3 Ke6 47. Ke4 c6 48. g4 a5 49. Rd2 f5+ 50. exf6 Kxf6 51. Rxd4 cxd4 52. Kxd4
g5 53. h5 Ke6 54. Kc5 Ke5 55. Kxc6 Kf4 56. Kb6 Kxg4 57. c5 Kf3 58. c6 g4 59. c7
g3 60. c8=Q g2 61. Qc6+ Kf2 62. Qc5+ Kf1 63. Qc4+ Kf2 64. Qd4+ Ke2 65. Qg1 Kf3
66. Kxa5 Kg3 67. b4 Kg4 68. Qxg2+ Kxh5 69. Qh3+ Kg5 70. b5 h5 71. b6 Kg6 72. b7
Kg5 73. b8=Q h4 74. Qf8 Kh5 75. Qg8 1-0

[Event "Sparkassen-Open B"]
[Site "Heusenstamm, Martinsee"]
[Date "2018.11.25"]
[Round "7.26"]
[White "Leichum, Engelbert"]
[Black "Martin, Lukas"]
[Result "1/2-1/2"]
[WhiteElo "1700"]
[BlackElo "1439"]
[PlyCount "64"]
[EventDate "2018.??.??"]
[WhiteTeam "vereinslos"]
[BlackTeam "SC Bad Soden"]

1. e4 c5 2. d4 cxd4 3. c3 dxc3 4. Nxc3 Nc6 5. Nf3 e6 6. a3 Qc7 7. Bc4 Nf6 8. b4
a6 9. O-O Be7 10. Re1 b5 11. Bb3 Nxb4 12. Ne2 Nxe4 13. axb4 Bxb4 14. Qd4 Bxe1
15. Qxe4 Bb7 16. Qg4 Bc3 17. Bf4 e5 18. Qxg7 exf4 19. Nxc3 O-O-O 20. Nd5 Bxd5
21. Bxd5 f5 22. Qb2 Qd6 23. Rc1+ Kb8 24. Qd4 Rc8 25. Rd1 Rhe8 26. Qa1 Qb6 27.
Nd4 Qc5 28. Bf3 Qc3 29. Qb1 Rc4 30. Nxb5 Qb4 31. Nd6 Ree4 32. Nxe4 fxe4 1/2-1/2

[Event "Sparkassen-Open B"]
[Site "Heusenstamm, Martinsee"]
[Date "2018.11.25"]
[Round "7.27"]
[White "Wu, Sifan"]
[Black "Ilievski, Kosto"]
[Result "0-1"]
[WhiteElo "1669"]
[BlackElo "1387"]
[PlyCount "96"]
[EventDate "2018.??.??"]
[WhiteTeam "SV Oberursel"]
[BlackTeam "SC Groß-Zimmern"]

1. e4 c6 2. d4 d5 3. Nc3 dxe4 4. Nxe4 Bf5 5. Ng3 Bg6 6. Nf3 Nd7 7. Bd3 Bxd3 8.
Qxd3 Ngf6 9. O-O e6 10. Re1 Be7 11. c3 O-O 12. Bg5 Nd5 13. Bxe7 Nxe7 14. Ne4
Ng6 15. Qd2 b6 16. Rad1 Nf6 17. Nxf6+ Qxf6 18. Qg5 Qxg5 19. Nxg5 h6 20. Nf3
Rfd8 21. Ne5 Nxe5 22. Rxe5 c5 23. Ree1 cxd4 24. cxd4 Rac8 25. Re2 Rc4 26. Red2
Rdc8 27. g3 Rc1 28. Rxc1 Rxc1+ 29. Kg2 Kf8 30. f4 Ke7 31. b3 f6 32. Kf3 Kd6 33.
Ke3 Kd5 34. Kd3 b5 35. Ke3 a5 36. Kf3 a4 37. bxa4 bxa4 38. Rb2 Kxd4 39. Rb4+
Rc4 40. Rb7 g5 41. fxg5 hxg5 42. Rb6 Kd5 43. Ra6 f5 44. Ra5+ Kd6 45. Ra6+ Ke7
46. Ra7+ Kf8 47. Ke3 Rc3+ 48. Kd4 Ra3 0-1

[Event "Sparkassen-Open B"]
[Site "Heusenstamm, Martinsee"]
[Date "2018.11.25"]
[Round "7.28"]
[White "Bär, Christian"]
[Black "von Beckh, Frieda"]
[Result "1/2-1/2"]
[WhiteElo "1631"]
[BlackElo "1262"]
[PlyCount "33"]
[EventDate "2018.??.??"]
[WhiteTeam "SC Steinbach"]
[BlackTeam "SC Eschborn"]

1. e4 c5 2. Nc3 Nc6 3. g3 g6 4. Bg2 Bg7 5. Nge2 Nf6 6. O-O O-O 7. d3 d6 8. f4
Bg4 9. h3 Bd7 10. Nd5 Nxd5 11. exd5 Nd4 12. c3 Nxe2+ 13. Qxe2 Re8 14. Be3 Qc8
15. Kh2 Qc7 16. Qd2 e6 17. Rae1 1/2-1/2

[Event "Sparkassen-Open B"]
[Site "Heusenstamm, Martinsee"]
[Date "2018.11.25"]
[Round "7.29"]
[White "Aravindan, Midhulan"]
[Black "Uphoff, Jürgen"]
[Result "1-0"]
[WhiteElo "1407"]
[BlackElo "1581"]
[PlyCount "85"]
[EventDate "2018.??.??"]
[WhiteTeam "SV Hofheim"]
[BlackTeam "vereinslos"]

1. e4 c6 2. d4 d5 3. exd5 cxd5 4. Bd3 Nf6 5. Bg5 e6 6. Nd2 Be7 7. Ngf3 a6 8. c3
Nbd7 9. Bf4 Nh5 10. Bg3 Nxg3 11. hxg3 Nf6 12. Qc2 h6 13. O-O-O Qa5 14. Kb1 Bd7
15. Qc1 Bb5 16. Bc2 Ng4 17. Nb3 Qb6 18. Qd2 a5 19. Ne5 a4 20. Nxg4 axb3 21.
axb3 Qa6 22. Bd3 Qa1+ 23. Kc2 Bxd3+ 24. Qxd3 Qa6 25. Qxa6 Rxa6 26. Ra1 Rxa1 27.
Rxa1 O-O 28. Ne5 Bd6 29. Nd3 Rb8 30. b4 Kf8 31. Kb3 Ke7 32. Nc5 Kd8 33. Ra7 Kc8
34. Ka4 Bc7 35. Kb5 Bd6 36. b3 Bc7 37. c4 dxc4 38. bxc4 Bd8 39. Ne4 Kc7 40. c5
Be7 41. c6 Bf8 42. Nc5 Bxc5 43. Kxc5 1-0

[Event "Sparkassen-Open B"]
[Site "Heusenstamm, Martinsee"]
[Date "2018.11.25"]
[Round "7.30"]
[White "Griesfeller, Sven"]
[Black "Denz, Markus"]
[Result "0-1"]
[WhiteElo "1332"]
[BlackElo "1580"]
[PlyCount "82"]
[EventDate "2018.??.??"]
[WhiteTeam "SG Wächtersbach"]
[BlackTeam "SC Hattersheim"]

1. e4 e5 2. Nf3 Nc6 3. Bc4 Nf6 4. d3 Be7 5. c3 O-O 6. O-O d6 7. a4 Na5 8. Ba2
c5 9. Nbd2 Be6 10. Bxe6 fxe6 11. b4 cxb4 12. cxb4 Nc6 13. b5 Nd4 14. Nxd4 exd4
15. f4 e5 16. f5 d5 17. Qb3 Kh8 18. Nf3 Qc7 19. exd5 Rad8 20. Ng5 Rxd5 21. Ne6
Qc3 22. Qxc3 dxc3 23. Nxf8 Bxf8 24. Rf3 Bc5+ 25. Be3 e4 26. dxe4 Nxe4 27. Bxc5
c2 28. Rff1 Nxc5 29. h3 Nb3 30. Rae1 Kg8 31. Kh2 Rd2 32. Rc1 Nd4 33. Rf4 Ne2
34. Rff1 Nxc1 35. Rxc1 Kf7 36. Kg3 Kf6 37. Kf3 Kxf5 38. g4+ Kg5 39. Ke3 Rh2 40.
Kd3 Kh4 41. Re1 g5 0-1

[Event "Sparkassen-Open B"]
[Site "Heusenstamm, Martinsee"]
[Date "2018.11.25"]
[Round "7.31"]
[White "Werner, Florin"]
[Black "Stepanov, Maximilian"]
[Result "0-1"]
[WhiteElo "1234"]
[BlackElo "1416"]
[PlyCount "78"]
[EventDate "2018.??.??"]
[WhiteTeam "VSG Offenbach"]
[BlackTeam "SK Gräfelfing"]

1. e4 d6 2. d4 g6 3. Nf3 Bg7 4. Bc4 e6 5. c3 Ne7 6. O-O Nd7 7. Be3 b6 8. Qd2
O-O 9. Bh6 Bb7 10. Bxg7 Kxg7 11. Qe3 a6 12. Re1 h6 13. Nbd2 Kh7 14. d5 e5 15.
h3 f5 16. g3 g5 17. Qd3 f4 18. g4 Ng6 19. Kh2 Kg7 20. Rg1 Kf7 21. a4 Rh8 22.
Rg2 Bc8 23. Rag1 Nc5 24. Qc2 Bd7 25. b3 Qf6 26. Qd1 b5 27. axb5 axb5 28. b4 Na4
29. Bb3 Nb6 30. Qe2 Ne7 31. Rc1 h5 32. Nxg5+ Qxg5 33. Nf3 Qf6 34. gxh5 Rxh5 35.
h4 Rah8 36. Ng5+ Ke8 37. Nf3 Rxh4+ 38. Nxh4 Qxh4+ 39. Kg1 Qh1# 0-1

[Event "Sparkassen-Open B"]
[Site "Heusenstamm, Martinsee"]
[Date "2018.11.25"]
[Round "7.32"]
[White "Goodwin, David"]
[Black "Martin, Peter"]
[Result "1/2-1/2"]
[WhiteElo "1549"]
[BlackElo "1319"]
[PlyCount "37"]
[EventDate "2018.??.??"]
[WhiteTeam "SV Kelsterbach"]
[BlackTeam "SC Wittlich"]

1. Nf3 c5 2. g3 d6 3. Bg2 Nf6 4. d3 e5 5. Nbd2 Be6 6. c4 Be7 7. Ng5 O-O 8. Bxb7
Nbd7 9. Nxe6 fxe6 10. Bxa8 Qxa8 11. O-O d5 12. e4 dxe4 13. Nxe4 Nxe4 14. dxe4
Nf6 15. Bg5 h6 16. Bxf6 Bxf6 17. Qc2 Qd8 18. Qd1 Qxd1 19. Raxd1 1/2-1/2

[Event "Sparkassen-Open B"]
[Site "Heusenstamm, Martinsee"]
[Date "2018.11.25"]
[Round "7.33"]
[White "Richter, Tim"]
[Black "Gräf, Jakob"]
[Result "1/2-1/2"]
[WhiteElo "1118"]
[BlackElo "1520"]
[PlyCount "61"]
[EventDate "2018.??.??"]
[WhiteTeam "SF Heidesheim"]
[BlackTeam "SV Frankfurt Nord"]

1. d4 d5 2. Bf4 Nf6 3. Nf3 Bf5 4. e3 e6 5. Bd3 Bxd3 6. Qxd3 Bd6 7. Bxd6 Qxd6 8.
Nbd2 O-O 9. O-O Nbd7 10. h3 c6 11. c4 e5 12. e4 dxe4 13. Nxe4 Nxe4 14. Qxe4
exd4 15. Qxd4 Qxd4 16. Nxd4 Nb6 17. b3 Rad8 18. Nf3 g6 19. Rfd1 Nd7 20. Rd2 Ne5
21. Rad1 Nxf3+ 22. gxf3 Rxd2 23. Rxd2 Re8 24. Kf1 Kf8 25. Rd7 Re7 26. Rd4 Kg7
27. Re4 Rd7 28. Ke2 f5 29. Re3 Kf6 30. f4 c5 31. Rd3 1/2-1/2

[Event "Sparkassen-Open B"]
[Site "Heusenstamm, Martinsee"]
[Date "2018.11.25"]
[Round "7.34"]
[White "Moldenhauer, Lennart"]
[Black "Schmid, Leon"]
[Result "1-0"]
[WhiteElo "1488"]
[BlackElo "1260"]
[PlyCount "55"]
[EventDate "2018.??.??"]
[WhiteTeam "SV Oberursel"]
[BlackTeam "SF Heidesheim"]

1. e4 e6 2. d4 d5 3. Nd2 c5 4. Ne2 Nc6 5. c3 Qb6 6. Qb3 Qxb3 7. axb3 cxd4 8.
Nxd4 Nxd4 9. cxd4 Bd7 10. Bd3 Ne7 11. O-O Nc6 12. Nf3 Nb4 13. Bb1 Rc8 14. Rxa7
Bb5 15. Re1 Ba6 16. Rxa6 Nxa6 17. exd5 Nc7 18. dxe6 Nxe6 19. d5 Be7 20. dxe6
fxe6 21. Bd2 O-O 22. Rxe6 Bf6 23. Be4 Rfd8 24. h3 Bxb2 25. Bxb7 Rb8 26. Ba6
Rxb3 27. Bc4 Rbb8 28. Re8# 1-0

[Event "Sparkassen-Open B"]
[Site "Heusenstamm, Martinsee"]
[Date "2018.11.25"]
[Round "7.35"]
[White "Schulze, Tim"]
[Black "Giebitz, Walter"]
[Result "1-0"]
[WhiteElo "1228"]
[BlackElo "1464"]
[PlyCount "75"]
[EventDate "2018.??.??"]
[WhiteTeam "SC Lüneburg"]
[BlackTeam "SC Steinbach"]

1. d4 d5 2. c4 c6 3. Nc3 h6 4. Nf3 Bf5 5. cxd5 cxd5 6. Qb3 b6 7. Nxd5 Be6 8. e4
Bxd5 9. exd5 Nf6 10. Bb5+ Nbd7 11. Ne5 Rc8 12. d6 e6 13. Nc6 Rxc6 14. Bxc6 Bxd6
15. O-O O-O 16. Bd2 Qc7 17. Rac1 Bxh2+ 18. Kh1 Qb8 19. Bxd7 Nxd7 20. g3 Bxg3
21. Qxg3 Nf6 22. Qxb8 Rxb8 23. Rc7 Ne4 24. Bf4 Ra8 25. f3 Nf6 26. Rfc1 Kh7 27.
Rc8 Rxc8 28. Rxc8 Nd5 29. Bb8 a5 30. Bc7 g5 31. Bd8 Kg6 32. Rc6 Nb4 33. Rxb6
Nxa2 34. d5 Nb4 35. Rxb4 axb4 36. d6 f5 37. d7 Kf7 38. Ba5 1-0

[Event "Sparkassen-Open B"]
[Site "Heusenstamm, Martinsee"]
[Date "2018.11.25"]
[Round "7.36"]
[White "Goetz, Fenja"]
[Black "Bergmann, Lennart"]
[Result "1/2-1/2"]
[WhiteElo "1343"]
[BlackElo "1193"]
[PlyCount "62"]
[EventDate "2018.??.??"]
[WhiteTeam "SK Bad Homburg"]
[BlackTeam "VSG Offenbach"]

1. e4 d5 2. exd5 Qxd5 3. Nc3 Qd6 4. d4 c6 5. Nf3 Bg4 6. Be2 e6 7. O-O Nf6 8.
Bg5 Nbd7 9. Re1 Qc7 10. Bh4 Bd6 11. Bg3 O-O 12. Qd2 h6 13. Rad1 Rac8 14. a3
Rfe8 15. Bxd6 Qxd6 16. h3 Bxf3 17. Bxf3 Nb6 18. Qd3 Nbd5 19. Ne4 Nxe4 20. Bxe4
Nf6 21. Bf3 Rcd8 22. Qb3 Re7 23. c4 Red7 24. Rd3 Qc7 25. Red1 Qb6 26. Qxb6 axb6
27. Kf1 Ne8 28. Ke2 Nc7 29. g3 b5 30. c5 Kf8 31. b4 Ke7 1/2-1/2

[Event "Sparkassen-Open B"]
[Site "Heusenstamm, Martinsee"]
[Date "2018.11.25"]
[Round "7.37"]
[White "Janßen, Norbert"]
[Black "Nimrichter, Christian"]
[Result "1-0"]
[WhiteElo "1647"]
[BlackElo "1378"]
[PlyCount "155"]
[EventDate "2018.??.??"]
[WhiteTeam "SC Breuberg"]
[BlackTeam "VSG Offenbach"]

1. d4 d5 2. Nf3 Nc6 3. Bf4 Nf6 4. e3 Nh5 5. Bg3 Nxg3 6. hxg3 Bf5 7. Bd3 Qd7 8.
c3 O-O-O 9. Qc2 Bxd3 10. Qxd3 f6 11. Rxh7 Rxh7 12. Qxh7 e5 13. dxe5 Nxe5 14.
Nxe5 fxe5 15. Qh3 g6 16. Nd2 Qf5 17. Qxf5+ gxf5 18. Nb3 Bd6 19. f4 Rg8 20. Kf2
e4 21. Nd4 Rf8 22. Rh1 c5 23. Ne2 Kd7 24. Rh7+ Kc6 25. Ke1 a5 26. Kd2 b5 27.
Rh5 b4 28. Kc2 a4 29. cxb4 cxb4 30. Nd4+ Kb6 31. Rxf5 Rh8 32. Rxd5 Bc5 33. Kd2
Rh2 34. Ne2 Rxg2 35. Re5 b3 36. axb3 Bb4+ 37. Kd1 axb3 38. Rxe4 Kc5 39. Re5+
Kc4 40. Re4+ Kc5 41. Re5+ Kc4 42. Re4+ Kc5 43. Rxb4 Kxb4 44. Kd2 Kc4 45. e4 Rh2
46. Ke3 Kc5 47. e5 Kd5 48. Nc3+ Ke6 49. Ne2 Rh8 50. Nd4+ Kf7 51. Nxb3 Rb8 52.
Nc5 Rxb2 53. Kf3 Rc2 54. Ne4 Rc1 55. Kg4 Re1 56. Kf5 Re3 57. Nd6+ Ke7 58. g4
Rh3 59. g5 Rh8 60. Ne4 Rf8+ 61. Nf6 Kf7 62. e6+ Ke7 63. Ke5 Ra8 64. Nd5+ Kf8
65. f5 Rb8 66. Kf6 Kg8 67. Ne7+ Kh8 68. Ng6+ Kg8 69. Ne5 Rf8+ 70. Nf7 Ra8 71.
g6 Rf8 72. g7 Ra8 73. Nh6+ Kh7 74. g8=Q+ Rxg8 75. Nxg8 Kxg8 76. e7 Kh7 77. e8=Q
Kh6 78. Qh8# 1-0

[Event "Sparkassen-Open B"]
[Site "Heusenstamm, Martinsee"]
[Date "2018.11.25"]
[Round "7.38"]
[White "Ziegler, Christopher"]
[Black "Firinci, Erdem"]
[Result "1/2-1/2"]
[WhiteElo "1353"]
[BlackElo "1645"]
[PlyCount "92"]
[EventDate "2018.??.??"]
[WhiteTeam "SV Kelsterbach"]
[BlackTeam "SF Heusenstamm"]

1. e4 c5 2. Nc3 d6 3. f4 Nc6 4. Nf3 Bg4 5. Bc4 e5 6. fxe5 dxe5 7. d3 Nf6 8. h3
Bxf3 9. Qxf3 a6 10. Nd5 Be7 11. g4 Nd4 12. Qg2 Nxd5 13. Bxd5 Bh4+ 14. Kd1 Rb8
15. g5 f6 16. c3 Nc6 17. gxf6 Bxf6 18. h4 Ne7 19. c4 Nxd5 20. cxd5 Rc8 21. Bg5
Bxg5 22. Qxg5 Qxg5 23. hxg5 Ke7 24. Ke2 c4 25. Rhf1 Rhf8 26. dxc4 Rxf1 27. Rxf1
Rxc4 28. Kd3 Rc7 29. Rf5 Kd6 30. Rf8 h6 31. gxh6 gxh6 32. Rf6+ Kc5 33. Rxh6 Rg7
34. Rh3 Rg2 35. Kc3 Re2 36. Rh4 a5 37. a4 Re3+ 38. Kd2 Rb3 39. Kc2 Re3 40. b3
b6 41. Rh6 Rxe4 42. Rc6+ Kxd5 43. Rxb6 Kd4 44. Rb5 Re2+ 45. Kd1 Re3 46. Kd2
Rd3+ 1/2-1/2

[Event "Sparkassen-Open B"]
[Site "Heusenstamm, Martinsee"]
[Date "2018.11.25"]
[Round "7.40"]
[White "Papadopoulos, Leon"]
[Black "Plötz, Hans-Jürgen"]
[Result "0-1"]
[WhiteElo "1329"]
[BlackElo "1622"]
[PlyCount "98"]
[EventDate "2018.??.??"]
[WhiteTeam "SV Oberursel"]
[BlackTeam "SC Bad Nauheim"]

1. e4 d6 2. d4 Nf6 3. Nc3 Nbd7 4. Be3 e5 5. dxe5 dxe5 6. Bc4 Be7 7. Nf3 c6 8.
O-O O-O 9. Ne2 Nxe4 10. Ng3 Nef6 11. Nf5 Re8 12. Ng5 Nd5 13. Bxd5 Bxg5 14. Bxg5
Qxg5 15. Nd6 Re7 16. Bc4 Nb6 17. Nxf7 Rxf7 18. Bxf7+ Kxf7 19. Qf3+ Kg8 20. Qe4
Be6 21. Rfe1 Bd5 22. h4 Bxe4 23. hxg5 Bxc2 24. Rxe5 Kf8 25. Rae1 Bg6 26. Re7
Rb8 27. Rc7 Nd5 28. Rd7 Bf5 29. Rd6 Re8 30. Rd1 Be6 31. Rd3 Ke7 32. Rxe6+ Kxe6
33. Rf3 Re7 34. Rf8 b6 35. Rc8 Kd6 36. Rd8+ Rd7 37. Rf8 Re7 38. Rd8+ Kc7 39.
Ra8 Kb7 40. Rh8 g6 41. f3 Ka6 42. Rc8 Kb5 43. a3 a5 44. b3 Kc5 45. Kf2 Rc7 46.
Re8 Kd4 47. Re4+ Kc3 48. Re1 Kxb3 49. Rb1+ Kxa3 0-1

[Event "Sparkassen-Open B"]
[Site "Heusenstamm, Martinsee"]
[Date "2018.11.25"]
[Round "7.41"]
[White "Urbach, Jens"]
[Black "Wiese, Frank"]
[Result "0-1"]
[WhiteElo "1546"]
[BlackElo "1345"]
[PlyCount "136"]
[EventDate "2018.??.??"]
[WhiteTeam "SF Frankfurt"]
[BlackTeam "SF Frankfurt"]

1. e4 e5 2. Nf3 Nf6 3. Nxe5 d6 4. Nf3 Nxe4 5. d3 Nf6 6. Be2 Be7 7. O-O O-O 8.
Re1 Re8 9. b3 Nbd7 10. Bb2 b6 11. Nc3 Bb7 12. Bf1 c5 13. Ne4 Nxe4 14. dxe4 Bf6
15. Bxf6 Nxf6 16. Re3 Rxe4 17. Rd3 d5 18. c3 Qc7 19. h3 h6 20. Nd2 Re5 21. Nf3
Re4 22. Qd2 Rd8 23. g3 Ba6 24. c4 d4 25. Bg2 Re7 26. Nh4 Rde8 27. Nf5 Re2 28.
Nxh6+ Kh7 29. Qg5 gxh6 30. Qxf6 Bc8 31. Rf3 R8e7 32. Rf4 Qe5 33. Qxe5 R2xe5 34.
Kh2 f5 35. Bf3 Kg6 36. Rh4 Bb7 37. Bh5+ Kg7 38. Rg1 Kf6 39. g4 Re4 40. g5+ hxg5
41. Rxe4 fxe4 42. h4 Re5 43. hxg5+ Rxg5 44. Rxg5 Kxg5 45. Bd1 Kf4 46. Kg1 Bc8
47. Kf1 Bh3+ 48. Ke1 Bg2 49. a3 Bf3 50. Bc2 Kg4 51. b4 Kh3 52. bxc5 bxc5 53.
Ba4 Kg2 54. Bc6 d3 55. a4 d2+ 56. Kxd2 Kxf2 57. Bxe4 Bxe4 58. a5 a6 59. Kc3 Ke3
60. Kb2 Kd3 61. Kb3 Bf5 62. Ka4 Kxc4 63. Ka3 Kc3 64. Ka4 c4 65. Ka3 Kd2 66. Kb4
c3 67. Kc5 c2 68. Kb6 Bd3 0-1

[Event "Sparkassen-Open B"]
[Site "Heusenstamm, Martinsee"]
[Date "2018.11.25"]
[Round "7.42"]
[White "Solovej, Philip"]
[Black "Gräf, Kilian Gabriel"]
[Result "1-0"]
[WhiteElo "1131"]
[BlackElo "1535"]
[PlyCount "94"]
[EventDate "2018.??.??"]
[WhiteTeam "SK Gründau"]
[BlackTeam "SV Frankfurt Nord"]

1. e4 d6 2. Nf3 Nf6 3. Nc3 g6 4. Bc4 Nxe4 5. Nxe4 d5 6. Bxd5 Qxd5 7. Nc3 Qd8 8.
h3 Bg7 9. d3 O-O 10. O-O Nc6 11. Be3 Re8 12. Qd2 Bf5 13. Rfe1 Qd7 14. Bh6 Nd4
15. Nxd4 Qxd4 16. Bxg7 Qxg7 17. Nd5 Rac8 18. Nxe7+ Rxe7 19. Rxe7 Qxb2 20. Ree1
Kg7 21. Qe2 f6 22. Reb1 Qc3 23. Rc1 Kf7 24. Rab1 b6 25. Re1 Qa3 26. Rb3 Qc5 27.
Kf1 Bd7 28. d4 Qd6 29. Kg1 Re8 30. Re3 Re6 31. Rxe6 Qxe6 32. Qxe6+ Bxe6 33. a3
Bd5 34. f3 h5 35. Kf2 f5 36. Re5 c6 37. Ke3 a6 38. Kf4 Kf6 39. Re8 a5 40. Ra8
Bc4 41. g3 g5+ 42. Ke3 Bd5 43. Ra6 Bc4 44. Rxb6 Bb5 45. c4 Ba4 46. Ra6 Ke7 47.
Rxa5 Ke6 1-0

[Event "Sparkassen-Open B"]
[Site "Heusenstamm, Martinsee"]
[Date "2018.11.25"]
[Round "7.43"]
[White "Bosse, Christian"]
[Black "Häfner, Günther"]
[Result "1/2-1/2"]
[WhiteElo "1520"]
[BlackElo "1261"]
[PlyCount "41"]
[EventDate "2018.??.??"]
[WhiteTeam "SF Nordost Berlin"]
[BlackTeam "Berkershm"]

1. c4 e6 2. g3 Nf6 3. Bg2 c6 4. Nc3 d5 5. cxd5 exd5 6. d4 Be7 7. Nf3 Bf5 8. Bf4
Nbd7 9. a3 Ne4 10. O-O Ndf6 11. h3 Nxc3 12. bxc3 O-O 13. Nh4 Be6 14. Nf3 Nh5
15. Bd2 Qd7 16. Ne5 Qc7 17. g4 f6 18. gxh5 fxe5 19. dxe5 Qxe5 20. f4 Qxh5 21.
e3 1/2-1/2